000 00882nam a2200217 i 4500
001 178904
003 ES-MaACL
005 20250822063227.0
008 110808s1875 fr a |||| | fre d
080 _a576.8
100 1 _aVan Beneden, Pierre Joseph,
_d1809-1894
_9147524
245 1 4 _aLes commensaux et les parasites dans le règne anima /
_cpar P.-J. van Beneden.
260 _aParis :
_bLibrairie Germer Baillière et Cª,
_c1875.
300 _a238 p. :
_bil. ;
_c22 cm.
490 1 _aBibliothèque scientifique internationale ;
_v9
599 _aAvec 83 figures dans le texte.
650 0 4 _aParásitos.
_9136662
830 0 _aBibliothèque scientifique internationale ;
_v9
_9186949
852 _aES-MaACL
_jF-14339
_z- Enc. al final de la obra el catálogo editorial de obras históricas y filosóficas correspondiente al año 1874
999 _c178904
_d178904